| 000 | 01484cab a2200229 4500 | ||
|---|---|---|---|
| 001 | ABS67659 | ||
| 008 | 040329n2004 000 0 eng u | ||
| 035 | _a(Sirsi) u125624 | ||
| 100 | _aMurdoch, J. | ||
| 245 | _aDouble standards | ||
| 260 | _c2004 | ||
| 490 |
_aEstates Gazette _v(0412) 20 March,169(1) |
||
| 520 | _aExamines ways in which residential estate agents have extracted payment for their services from reluctant payers by attempting to have the vendor's solicitor hold the purchase price on trust or as in many cases by recourse to the County Court. Another method, namely the application of an early payment discounted commission rate, was judged to be unfair in the recent case "Bairstow Eves London Central Ltd v Smith" ([2004] EWHC 263 (QB), [2004] PLSCS 47).Provision for double commission in the event of late payment is potentially unfair and unfair contractual terms are not binding on the consumer under the Unfair Terms in Consumer Contracts Regulations 1999 Reg 5(1). View "Bairstow Eves" judgment at www.bailii.org. | ||
| 590 | _aABS | ||
| 650 | _aWA ELLIS SERVICES LTD V WOOD | ||
| 650 | _aESTATE AGENTS' COMMISSION | ||
| 650 | _aBAIRSTOW EVES LONDON CENTRAL LTD V SMITH | ||
| 650 | _aUNFAIR TERMS IN CONSUMER CONTRACTS REGULATIONS 1999 REG 5(1) | ||
| 690 | _aPROPERTY AND LAND LAW-AGENCY-RESIDENTIAL | ||
| 856 |
_uhttps://www.bailii.org/ew/cases/EWHC/QB/2004/263.html _zView the "Bairstow Eves" judgment on the bailii website... |
||
| 942 | _n0 | ||
| 999 |
_c74314 _d74314 |
||